<?xml version="1.0" encoding="UTF-8"?>
<record
    xmlns:xsi="http://www.w3.org/2001/XMLSchema-instance"
    xsi:schemaLocation="http://www.loc.gov/MARC21/slim http://www.loc.gov/standards/marcxml/schema/MARC21slim.xsd"
    xmlns="http://www.loc.gov/MARC21/slim">

  <leader>02386nam a22003017i 4500</leader>
  <controlfield tag="003">OSt</controlfield>
  <controlfield tag="005">20251209170534.0</controlfield>
  <controlfield tag="008">251209e2025    ne|||||| |||| 001 0 eng d</controlfield>
  <datafield tag="020" ind1=" " ind2=" ">
    <subfield code="a">9781570274251</subfield>
  </datafield>
  <datafield tag="040" ind1=" " ind2=" ">
    <subfield code="b">spa</subfield>
    <subfield code="c">LADOV</subfield>
  </datafield>
  <datafield tag="041" ind1="0" ind2=" ">
    <subfield code="a">eng</subfield>
  </datafield>
  <datafield tag="082" ind1="0" ind2="4">
    <subfield code="a">707</subfield>
    <subfield code="b">UN58un</subfield>
  </datafield>
  <datafield tag="100" ind1="1" ind2=" ">
    <subfield code="a">Choi, Binna </subfield>
    <subfield code="e">editora</subfield>
  </datafield>
  <datafield tag="245" ind1="1" ind2="0">
    <subfield code="a">Unlearning exercises : </subfield>
    <subfield code="b">art organizations as sites for unlearning / </subfield>
    <subfield code="c">edited by Binna Choi, Annette Krauss, Yolande van der Heide y Liz Allan.</subfield>
  </datafield>
  <datafield tag="250" ind1=" " ind2=" ">
    <subfield code="a">Reprint, 2025</subfield>
  </datafield>
  <datafield tag="260" ind1=" " ind2=" ">
    <subfield code="a">Utrecht, Paises Bajos : </subfield>
    <subfield code="b">Casco Art Institute, </subfield>
    <subfield code="c">2025.</subfield>
  </datafield>
  <datafield tag="300" ind1=" " ind2=" ">
    <subfield code="a">231 p&#xE1;ginas ;</subfield>
    <subfield code="c">29.5 cm</subfield>
  </datafield>
  <datafield tag="500" ind1=" " ind2=" ">
    <subfield code="a">Extracto de contraportada: reimpresi&#xF3;n de Unlearning exercises: art organizations as sites for unlearning, publicado con su "hermana menor" Unlearning routines of the impossible.</subfield>
  </datafield>
  <datafield tag="505" ind1="0" ind2="0">
    <subfield code="t">Foreword: Unlearnig to Unlearn / </subfield>
    <subfield code="r">Kerstin Stakemeier y Marina Vishmidt. -- </subfield>
    <subfield code="t">Introduction / </subfield>
    <subfield code="r">Liz Allan y Yolande van der Heide. -- </subfield>
    <subfield code="t">Unlearning Excercises / 
</subfield>
    <subfield code="r">The Shifting Team at Casco and Annette Krauss. -- </subfield>
    <subfield code="t">Toilet (T)issues #1: Toilet Tissue and Other Formless Organizational Matters / </subfield>
    <subfield code="r">Antariksa, Binna Choi, Emily Pethick, Ferdiansyah Thajib y Syafiatudina. -- </subfield>
    <subfield code="t">Lifelong Learning and the Professionalized Learner / 

</subfield>
    <subfield code="r">Annette Krauss. -- </subfield>
    <subfield code="t">The Imperative for Self-Attainment: From Cradle to Grave / </subfield>
    <subfield code="r">Andrea Phillips. -- </subfield>
    <subfield code="t">Toilet (T)issues #3: Against All Odds. Migrant Domesic Labor Struggle and Forms of Organizing / 
</subfield>
    <subfield code="r">Jacob Apostol, Binna Choi, Joy Melanie Escano, Annette Kraus, Faisol Iskandar, Ismiatun, Sakiko Sugawa, Yolande van der Heide, and Erminah Zaenah. --</subfield>
    <subfield code="t">Sites for Unlearning in the Museum / </subfield>
    <subfield code="r">Nancy Jouwe. -- </subfield>
    <subfield code="t">Decolonizing Art Institutes from a Labor Point of View / </subfield>
    <subfield code="r">Binna Choi y Yolande van der Heide. --</subfield>
    <subfield code="t">Toilet (T)issues #2: The Elephant in the Room (and Different Ways of Dealing with It) / 
</subfield>
    <subfield code="r">Yollotl Alvarado, Binna Choi, Andr&#xE9;s Garc&#xED;a, Brigitta Isabella, Ying Que, Ferdiansyah Thajib, and Yolande van der Heide. -- </subfield>
    <subfield code="t">Afterword: Have You Had a Productive Day? / </subfield>
    <subfield code="r">Binna Choi y Annette Krauss. -- </subfield>
  </datafield>
  <datafield tag="650" ind1="0" ind2="4">
    <subfield code="a">Arte contempor&#xE1;neo</subfield>
  </datafield>
  <datafield tag="650" ind1="0" ind2="4">
    <subfield code="a">Arte</subfield>
    <subfield code="v">educaci&#xF3;n</subfield>
  </datafield>
  <datafield tag="650" ind1="0" ind2="4">
    <subfield code="a">Arte</subfield>
    <subfield code="v">sociedad</subfield>
  </datafield>
  <datafield tag="650" ind1="0" ind2="4">
    <subfield code="a">Arte</subfield>
    <subfield code="v">filosof&#xED;a</subfield>
  </datafield>
  <datafield tag="700" ind1="1" ind2=" ">
    <subfield code="a">Krauss, Annette</subfield>
    <subfield code="e">editora</subfield>
  </datafield>
  <datafield tag="700" ind1="1" ind2=" ">
    <subfield code="a">Heide, Yolande Zola Zoli van der</subfield>
    <subfield code="d">editora</subfield>
  </datafield>
  <datafield tag="700" ind1="1" ind2=" ">
    <subfield code="a">Allan, Liz </subfield>
    <subfield code="e">editora</subfield>
  </datafield>
  <datafield tag="942" ind1=" " ind2=" ">
    <subfield code="2">ddc</subfield>
    <subfield code="c">1</subfield>
    <subfield code="h">707</subfield>
    <subfield code="i">UN58un</subfield>
    <subfield code="n">0</subfield>
  </datafield>
  <datafield tag="999" ind1=" " ind2=" ">
    <subfield code="c">4588</subfield>
    <subfield code="d">4588</subfield>
  </datafield>
  <datafield tag="952" ind1=" " ind2=" ">
    <subfield code="0">0</subfield>
    <subfield code="1">0</subfield>
    <subfield code="2">ddc</subfield>
    <subfield code="4">0</subfield>
    <subfield code="7">0</subfield>
    <subfield code="8">Libros</subfield>
    <subfield code="a">LV</subfield>
    <subfield code="b">LV</subfield>
    <subfield code="d">2025-12-09</subfield>
    <subfield code="l">0</subfield>
    <subfield code="o">707 UN58un</subfield>
    <subfield code="p">005263</subfield>
    <subfield code="r">2025-12-09 00:00:00</subfield>
    <subfield code="w">2025-12-09</subfield>
    <subfield code="y">1</subfield>
  </datafield>
</record>
